| 000 -LEADER |
| fixed length control field |
01956nam a22004697a 4500 |
| 001 - CONTROL NUMBER |
| control field |
19021399 |
| 003 - CONTROL NUMBER IDENTIFIER |
| control field |
LIBRIS |
| 005 - DATE AND TIME OF LATEST TRANSACTION |
| control field |
20210421054658.0 |
| 007 - PHYSICAL DESCRIPTION FIXED FIELD--GENERAL INFORMATION |
| fixed length control field |
cr ||| ||||| |
| 008 - FIXED-LENGTH DATA ELEMENTS--GENERAL INFORMATION |
| fixed length control field |
160105s1997 xx |||||o|||||000 0|und|d |
| 020 ## - INTERNATIONAL STANDARD BOOK NUMBER |
| Canceled/invalid ISBN |
9780201339895 (Print) |
| International Standard Book Number |
0201339897 |
| 020 ## - INTERNATIONAL STANDARD BOOK NUMBER |
| International Standard Book Number |
0201570513 |
| 035 ## - SYSTEM CONTROL NUMBER |
| System control number |
(EBZ)ebs363890e |
| 035 ## - SYSTEM CONTROL NUMBER |
| System control number |
(EBZ)ebs363890e |
| 035 ## - SYSTEM CONTROL NUMBER |
| System control number |
(EBZ)ebs363890e |
| 040 ## - CATALOGING SOURCE |
| Description conventions |
a |
| Language of cataloging |
eng |
| Transcribing agency |
DLC |
| 041 ## - LANGUAGE CODE |
| Language code of text/sound track or separate title |
eng |
| 080 ## - UNIVERSAL DECIMAL CLASSIFICATION NUMBER |
| Universal Decimal Classification number |
65 |
| Item number |
B-43 |
| 100 1# - MAIN ENTRY--PERSONAL NAME |
| Personal name |
Bennis, Warren G. |
| 245 10 - TITLE STATEMENT |
| Title |
Organizing Genius: The Secrets of Creative Collaboration |
| Statement of responsibility, etc. |
/ by: Perseus Books |
| 260 ## - PUBLICATION, DISTRIBUTION, ETC. |
| Place of publication, distribution, etc. |
Cambridge, Massachusetts |
| Name of publisher, distributor, etc. |
Perseus Books |
| Date of publication, distribution, etc. |
1997 |
| 264 #1 - PRODUCTION, PUBLICATION, DISTRIBUTION, MANUFACTURE, AND COPYRIGHT NOTICE |
| Name of producer, publisher, distributor, manufacturer |
Basic Books, |
| Date of production, publication, distribution, manufacture, or copyright notice |
1997 |
| 300 ## - PHYSICAL DESCRIPTION |
| Extent |
240 p. |
| 365 ## - TRADE PRICE |
| Price amount |
15 usd |
| 500 ## - GENERAL NOTE |
| General note |
Book |
| 650 #4 - SUBJECT ADDED ENTRY--TOPICAL TERM |
| Topical term or geographic name entry element |
PSYCHOLOGY / Creative Ability |
| 650 #0 - SUBJECT ADDED ENTRY--TOPICAL TERM |
| Topical term or geographic name entry element |
Business |
| 9 (RLIN) |
323 |
| 650 #4 - SUBJECT ADDED ENTRY--TOPICAL TERM |
| Topical term or geographic name entry element |
SELF-HELP / Creativity |
| 653 ## - INDEX TERM--UNCONTROLLED |
| Uncontrolled term |
ბიზნესი |
| 700 1# - ADDED ENTRY--PERSONAL NAME |
| Personal name |
Biederman, Patricia Ward. |
| 776 08 - ADDITIONAL PHYSICAL FORM ENTRY |
| Relationship information |
Print |
| Title |
Organizing Genius: The Secrets of Creative Collaboration |
| International Standard Book Number |
978-0-201-33989-5 |
| 856 40 - ELECTRONIC LOCATION AND ACCESS |
| Uniform Resource Identifier |
<a href="https://login.e.bibl.liu.se/login?url=https://login.e.bibl.liu.se/sso/skillport?context=17542">https://login.e.bibl.liu.se/login?url=https://login.e.bibl.liu.se/sso/skillport?context=17542</a> |
| Public note |
Extern tillg�ng endast anst�llda och studenter vid LiU |
| -- |
Skillsoft Books Business Pro Collection (EZproxy) |
| 856 40 - ELECTRONIC LOCATION AND ACCESS |
| Uniform Resource Identifier |
<a href="https://proxy.lib.chalmers.se/sso/skillport?context=17542">https://proxy.lib.chalmers.se/sso/skillport?context=17542</a> |
| Public note |
Online access for Chalmers |
| -- |
Skillsoft Books Business Pro Collection (EZproxy) |
| 887 ## - NON-MARC INFORMATION FIELD |
| Content of non-MARC field |
{"@id":"9tmzr3hm2df7fjp","modified":"2016-01-05T10:09:44+01:00","checksum":"23457077106"} |
| Source of data |
librisxl |
| 887 ## - NON-MARC INFORMATION FIELD |
| Content of non-MARC field |
{"@id":"pt2zbs4v16517tf","modified":"2020-01-17T09:31:03.465+01:00","checksum":"35750056550"} |
| Source of data |
librisxl |
| 887 ## - NON-MARC INFORMATION FIELD |
| Content of non-MARC field |
{"@id":"2btrgs340mnttnzc","modified":"2019-09-11T09:35:19.592+02:00","checksum":"33518872151"} |
| Source of data |
librisxl |
| 942 ## - ADDED ENTRY ELEMENTS (KOHA) |
| Source of classification or shelving scheme |
|
| Koha item type |
Books |